000 01251nam0a2200313 4500
001 RU\NLR\BIBL_A\012653903
005 20250810074541.0
035 _a(NLR Aleph) 012653903
090 _a13306263
_c13306263
100 _a20211129d1945 d y0rusy50 ca
101 0 _aaze
_arus
102 _aAZ
105 _aa z 000 y
181 0 _ai
_baxxe
182 0 _an
200 1 _aАзәрбаjҹан дили
_eрус jеддииллик вә орта мәктәбләринин 5-ҹи синифләри үчүн
_fС. Ҹәфәров
_gАзХМК тәрәфиндән тәсдиг едилмишдир
203 _aТекст
_bвизуальный
_cнепосредственный
205 _aАлтынҹы чапы
210 _aБакы
_cАзәрнәшр
_d1945
215 _a182, [1] с.
_cшәк.
_d20
541 1 _6z01790
_aАзербайджанский язык
_eдля 5-го класса русских семилетних и средних школ
_zrus
700 1 _aҸәфәров
_bС.
_4070
790 1 _6z01541
_aДжафаров
_bС.
_4070
852 _aNLR
_bОНЛ
_jАзерб./2-4063
942 _cBOOK
945 _aРоссийская национальная библиотека
980 _aBV
980 _aNB